Statistics for Manchester City 2016/17 Summer Transfers

Click here to take the quiz!

General Stats

  • This quiz has been taken 62 times
    (53 since last reset)
  • The average score is 5 of 10

Answer Stats

Players In% Correct
Ilkay Gundogan
73%
John Stones
70%
Claudio Bravo
64%
Leroy Sane
64%
Nolito
48%
Joe Hart
41%
Samir Nasri
39%
Eliaquim Mangala
30%
Wilfried Bony
20%
Martin Demichelis
18%

Score Distribution

Percentile by Number Answered

Percent of People with Each Score

Your Score History

You have not taken this quiz since the last reset